|
|
|
|
| LEADER |
00000nab a2200000 a 4500 |
| 001 |
vtls008955491 |
| 003 |
SK-MaSNL |
| 005 |
20260305005728.0 |
| 008 |
060802 19770425xo d 000 0 slo |
| 015 |
|
|
|a SNBRB1977
|
| 040 |
|
|
|a SNKBUCL
|b slo
|c SNKBUCL
|e AACR2
|
| 041 |
0 |
|
|a slo
|
| 044 |
|
|
|a xo
|c SK
|
| 080 |
|
|
|a 329.78(437.6)
|2 2001
|
| 245 |
0 |
0 |
|a Znásobme doterajšie úspechy
|b bohaté podnety z rokovania okresných konferencií SZM
|
| 300 |
|
|
|b Obr.
|
| 610 |
2 |
7 |
|a Socialistický zväz mládeže
|2 snkbucl
|9 51618
|
| 648 |
|
7 |
|a 1977
|2 snkbucl
|9 336325
|
| 650 |
0 |
7 |
|a okresné konferencie
|2 snkbucl
|9 520792
|
| 773 |
0 |
|
|t Smena
|g (25.4.1977), s. 1. a 2.
|
| 999 |
|
|
|c 3242213
|d 3244143
|